12. Wanda - Quevedo - Estadísticas

Estadísticas generales
  • Esta prueba ha sido intentada 36 veces
  • La puntuación promedio es 358 de 404
Estadísticas de respuestas
% Correcto
A
100%
a
100%
él
100%
el
100%
Él
100%
en
100%
Es
100%
es
100%
La
100%
la
100%
me
100%
100%
mi
100%
no
100%
o
100%
Que
100%
que
100%
100%
si
100%
Si
100%
y
100%
Y
100%
yo
100%
esta
96%
lo
96%
ma
96%
nadie
96%
perreando
96%
Perreando
96%
se
96%
Te
96%
te
96%
96%
96%
tu
96%
vi
96%
Wanda
96%
aquí
91%
boquita
91%
cosas
91%
esa
91%
ese
91%
Ese
91%
haciendo
91%
imagino
91%
indebida'
91%
jodió
91%
López
91%
mami
91%
Maxi
91%
Nara
91%
noche
91%
¿oyó?
91%
pa
91%
pelo
91%
suelo
91%
ti
91%
To
91%
to
91%
todo
91%
usted
91%
al
87%
bien
87%
con
87%
de
87%
diga
87%
dolió
87%
eres
87%
Eres
87%
estoy
87%
le
87%
man
87%
pero
87%
perrear
87%
tienes
87%
trata
87%
Abra
83%
Cupra
83%
hasta
83%
hay
83%
hizo
83%
importa
83%
juega
83%
liga
83%
suéltate
83%
un
83%
buena
78%
cama
78%
cara
78%
Carita
78%
dupla
78%
estás
78%
llegar
78%
mala
78%
mejor
78%
mucho
78%
pida
78%
quien
78%
raras
78%
vainas
78%
verte
78%
bobo
74%
buscar
74%
disco
74%
espero
74%
ganas
74%
para
74%
paso
74%
pirobo
74%
regalo
74%
supla
74%
Tengo
74%
tengo
74%
bailando
70%
conozco
70%
Dale
70%
hacer
70%
ruido
70%
sitio
70%
yeah
70%
anzuelo
65%
conceptual
65%
conversar
65%
cumpla'
65%
hablemos
65%
Hablemos
65%
Por
65%
quiero
65%
solos
65%
sus
65%
aunque
61%
casa
61%
esos
61%
hoy
61%
Mai
61%
movimientos
61%
muerda
61%
salen
61%
único
57%
cadena'
52%
conservar
52%
Bajo
48%
mis
48%
vendo
48%
ay
30%
ah
22%
papi
22%
ceptual
13%
No se encontraron pruebas coincidentes
Distribución de puntuación
Porcentaje de gente con cada puntuación
Porcentaje por número respondido
Historial de tus puntuaciones
No has intentado esta prueba.